000
00323nam a22001337a 4500
008
170329b xxu||||| |||| 00| 0 eng d
020
_a
0140037675
041
_a
eng
080
_a
616-053.2
100
_a
8
101
_a
SHM
245
_a
HOW TO RECOGNIZE AND OVERCOME DYSLEXIA IN YOUR CHILD
_c
SILVER, A.A
942
_2
udc
_c
BK
999
_c
9058
_d
9058